1010 1143 1873 1515 1570 1456 1295 1436 1466 1792 1801 1330 1732 1878 1776 1641 1357 1028 1100 1294 1184 1141 1698 1639 1914 1267 1976 1378 1909 1771 1937 1470 1196 1524 1042 1967 1570 1708 1685 1432 1777 1312 1296 1459 1948 1889 1642 1178 1858 1135 1521 1127 1210 1359 1181 1495 1490 1709 1498 1992 1398 1329 1239 1880 1210 1997 1118 1823 1960 1225 1973 1098 1527 1249 1976 1470 1121 1415 1308 1457 1310 1250 1578 1758 1254 1678 1702 1690 1583 1253 1180 1934 1523 1662 1643 1349 1572 1383 1672 BCNSPRNW ULIB Ver.6.0+V

เปลี่ยนเป็นภาษาไทย

Change to English
 แสดงรายละเอียดบรรณานุกรม
  กลับหน้าหลัก

Brief Record : Get Marc (ISO 2709) : E-mail record : QR code < ปิดหน้าต่าง
LEADER : 00000nam 2200000uu 4500
001    13399114905
003     ULIB
008    120620s2542||||th 000 0 tha d
020    ^a9786169036777
099    ^aรส.^bว617ร
100 0  ^aวินทร์ เลียววาริณ
245 10 ^aสิ่งมีชีวิตที่เรียกว่าคน /^cวินทร์ เลียววาริณ
246 30 ^aสิ่งมีชีวิตที่เรียกว่าคน
250    รวมเล่มพิมพ์ครั้งแรกปี 2542
260    ^aกรุงเทพฯ :^bดับเบิ้ลนายน์ พริ้นติ้ง,^c(2542)
300    ^a367 หน้า ;^c21 ซม.
500    ^aรางวัลวรรณกรรมสร้างสรรค์ยอดเยี่ยมแห่งอาเซียน (ซีไรต์) ของประเทศไทยประจำปี พ.ศ.2542.
650  7 ^aรางวัล
650  7 ^aเรื่องสั้นไทย
945    ^p220^l0^i032084
945    ^p220^l0^i032085
945    ^p220^l0^i032086
945    ^p220^l0^i032087
945    ^p220^l0^i032088
995    ^aเกษร
999 ^a ทศพร
รายการนี้ยังไม่มีแท็ก
คุณยังไม่ได้ล็อกอิน คุณสามารถมีกิจกรรมร่วมกับเว็บไซต์ได้ แต่ต้องล็อกอินก่อน ::
  ล็อกอิน

รายการสื่อสารสนเทศ

ลำดับที่ ประเภท เลขเรียก/บาร์โค้ด สถานที่ สถานะ
- ไม่พบข้อมูล -

รายการใกล้เคียง
    ผู้แต่ง [วินทร์ เลียววาริณ]

    หัวเรื่อง [รางวัล]
    หัวเรื่อง [เรื่องสั้นไทย]

BibComment


ยังไม่เคยถูกคอมเมนท์

คอมเมนท์ทรัพยากรรายการนี้
  คอมเมนท์: สิ่งมีชีวิตที่เร..


 Copyright 2026. Bcnsprnw @Library